000 00829cam a22002774a 4500
999 _c149305
_d149305
003 UPN
005 20230114063549.0
008 100802s2007 mx a r 000 0 spa d
020 _a9708030449 (10 dígitos)
020 _a9789708030441 (13 dígitos)
035 _aUPN01000177202
040 _aUPN
_bspa
_cUPN
049 _aCG
050 4 _aCB311
_bCH3.5
100 1 _aChávez, José Salvador
245 1 4 _aLas maravillas del mundo :
_bantiguas y modernas /
_cJosé Salvador Chávez, Talía Chávez Palencia.
260 _aMéxico :
_bSelector,
_c2007.
300 _a128 p. :
_bil.
490 0 _aCultural
650 4 _aCIVILIZACION ANTIGUA
_910729
650 2 _aAntigüedades
_917464
650 4 _aANTIGUEDADES CLASICAS
_917463
700 1 _aChávez Palencia, Talía,
_ecoaut.
905 _aLibro
942 _2lcc
_cLIBRO